तमसःएक पुनर्पाठ (Record no. 1524)

MARC details
000 -LEADER
fixed length control field 00954 a2200229 4500
005 - DATE AND TIME OF LATEST TRANSACTION
control field 2008090905415.0
008 - FIXED-LENGTH DATA ELEMENTS--GENERAL INFORMATION
fixed length control field 080909t xxu||||| |||| 00| 0 hin d
010 ## - LIBRARY OF CONGRESS CONTROL NUMBER
LC control number HIN-79310
020 ## - INTERNATIONAL STANDARD BOOK NUMBER
Terms of availability 250.00
International Standard Book Number 8176751693
035 ## - SYSTEM CONTROL NUMBER
System control number HN-51656
037 ## - SOURCE OF ACQUISITION
Source of stock number/acquisition D.B.Act / pub
082 ## - DEWEY DECIMAL CLASSIFICATION NUMBER
Classification number
245 ## - TITLE STATEMENT
Title तमसःएक पुनर्पाठ
Statement of responsibility, etc संपादक विनोद शाही
246 ## - VARYING FORM OF TITLE
Title proper/short title Tamas: ek Punarpath
260 ## - PUBLICATION, DISTRIBUTION, ETC. (IMPRINT)
Place of publication, distribution, etc पंचकूला
Name of publisher, distributor, etc आधार प्रकाशन
Date of publication, distribution, etc 2006
270 ## - ADDRESS
Address एस.सी.एफ.267,सेक्टर-16
City पंचकूला
Postal code 134113( हरियाणा)
300 ## - PHYSICAL DESCRIPTION
Extent 232पृ
Dimensions 22 सेमी (सजिल्द)
650 ## - SUBJECT ADDED ENTRY--TOPICAL TERM
Topical term or geographic name as entry element उपन्यास
650 ## - SUBJECT ADDED ENTRY--TOPICAL TERM
Topical term or geographic name as entry element Novel
942 ## - ADDED ENTRY ELEMENTS (KOHA)
Institution code [OBSOLETE] dpl
Koha item type Hindi Books
Call number prefix उ / तमस
Source of classification or shelving scheme Dewey Decimal Classification
Classification part
Call number suffix तमस
Holdings
Withdrawn status Lost status Damaged status Not for loan Home library Current library Date acquired Cost, normal purchase price Total Checkouts Full call number Barcode Date last seen Copy number Uniform Resource Identifier Cost, replacement price Price effective from Koha item type
        D.B.Act.Division D.B.Act.Division 09/09/2008 250.00   उ तमस HN-51656 15/09/2008 1 1601 250.00 15/09/2008 Hindi Books

© Delhi Public Library
Hit Counter
free hit counter